| 000 | 00781cam a2200229 4500 | ||
|---|---|---|---|
| 001 | ABS61947 | ||
| 008 | 000000n2000 000 0 eng u | ||
| 035 | _a(Sirsi) u104511 | ||
| 100 | _aBlyth, A. | ||
| 245 | _aVentilation strategies for atria | ||
| 260 | _c2000 | ||
| 490 |
_aArchitects' Journal _v211(7) 24 February 2000 47(1) |
||
| 520 | _aSummarises the findings of a report from the BRE "Natural ventilation in atria for environment and smoke control" which is an introductory guide to controlling smoke and fires in building atria. Report costs £25 from CRC, telephone 020 7505 6622. | ||
| 590 | _aABS | ||
| 650 | _aDESIGN | ||
| 650 | _aFIRE | ||
| 650 | _aVENTILATION | ||
| 650 | _aBRE | ||
| 650 | _aATRIA | ||
| 690 |
_aHealth and safety _96244 |
||
| 942 | _n0 | ||
| 999 |
_c62710 _d62710 |
||